| 000 | 00374nam a22001577a 4500 | ||
|---|---|---|---|
| 005 | 20180417120035.0 | ||
| 008 | 160527b xxu||||| |||| 00| 0 eng d | ||
| 041 | _aeng | ||
| 082 |
_b5379 _a346.07 |
||
| 100 |
_aBangia, R.K. _9533 |
||
| 245 | _aIndian Contract Act. | ||
| 260 |
_aNew Delhi _bAcademic Faundation |
||
| 300 | _a524 | ||
| 650 |
_aManagement _9241 |
||
| 942 | _cBK | ||
| 999 |
_c1913 _d1912 |
||